000 00601cam a2200205 a 4500
001 000003423
005 20200929150434.0
008 920410s1987 sp 001 j spa d
020 _a8485910443
040 _aDO-SdBNP
_bspa
_cBNPHU
082 _a860.62
_bR696v
100 1 _aRodríguez Chaves, José
_d1936-
_910672
245 1 0 _aVencedora del tiempo /
_cJosé Rodríguez Chaves.
260 _aBarcelona :
_bAmarantos,
_c1987.
300 _a105 p. ;
_c20 cm.
490 1 _aNarrativa poética
650 4 _aLiteratura española
_9632
650 4 _aCuentos
_910673
830 0 _aNarrativa poética
_910674
999 _c3253
_d3253